Oscar for Best Makeup and Hairstyling - Statistics

General Stats
  • This quiz has been taken 17 times
    15 since last reset
  • The average score is 7 of 39
Answer Stats
Year Makeup Artist(s) Movie % Correct
1983 No Award Given. a
100%
2001 Peter Owen and Richard Taylor The Lord of the Rings: The Fellowship of the Ring
45%
2003 Richard Taylor and Peter King The Lord of the Rings: The Return of the King
45%
1984 Paul LeBlanc and Dick Smith Amadeus
36%
1981 Rick Baker An American Werewolf in London
27%
1985 Michael Westmore and Zoltan Elek Mask
27%
1968 John Chambers Planet of the Apes
27%
2016 Alessandro Bertolazzi, Giorgio Gregorini, and Christopher Nelson Suicide Squad
27%
2011 Mark Coulier and J. Roy Helland The Iron Lady
27%
1990 John Caglione Jr. and Doug Drexler Dick Tracy
18%
1998 Jenny Shircore Elizabeth
18%
2002 John E. Jackson and Beatrice De Alba Frida
18%
2000 Rick Baker and Gail Ryan How the Grinch Stole Christmas
18%
2015 Damian Martin, Lesley Vanderwalt, and Elka Wardega Mad Max: Fury Road
18%
2006 David Marti and Montse Ribe Pan's Labyrinth
18%
2009 Barney Burman, Mindy Hall, and Joel Harlow Star Trek
18%
2005 Howard Berger and Tami Lane The Chronicles of Narnia: The Lion, the Witch, and the Wardrobe
18%
2008 Greg Cannom The Curious Case of Benjamin Button
18%
2010 Rick Baker and Dave Elsey The Wolfman
18%
1999 Christine Blundell and Trefor Proud Topsy-Turvy
18%
1988 Ve Neill, Steve La Porte, and Robert Short Beetlejuice
9%
1995 Peter Frampton, Paul Pattison, and Lois Burwell Braveheart
9%
2013 Adruitha Lee and Robin Mathews Dallas Buyers Club
9%
1989 Manlio Rocchetti, Lynn Barber and Kevin Haney Driving Miss Daisy
9%
1994 Rick Baker, Ve Neill, and Yolanda Toussieng Ed Wood
9%
2007 Didier Lavergne and Jan Archibald La Vie en Rose
9%
2004 Valli O'Reilly and Bill Corso Lemony Snicket's A Series of Unfortunate Events
9%
2012 Lisa Westcott and Julie Dartnell Les Miserables
9%
1997 Rick Baker and David LeRoy Anderson Men in Black
9%
1993 Greg Cannom, Ve Neill, and Yolanda Toussieng Mrs. Doubtfire
9%
1982 Sarah Monzani and Michele Burke Quest for Fire
9%
1991 Stan Winston and Jeff Dawn Terminator 2: Judgment Day
9%
2014 Frances Hannon and Mark Coulier The Grand Budapest Hotel
9%
1996 Rick Baker and David LeRoy Anderson The Nutty Professor
9%
1964 William J. Tuttle 7 Faces of Dr. Lao
0%
1992 Greg Cannom, Michele Burke and Matthew W. Mungle Bram Stoker's Dracula
0%
2017 Kazuhiro Tsuji, David Malinowski, and Lucy Sibbick Darkest Hour
0%
1987 Rick Baker Harry and the Hendersons
0%
1986 Chris Walas and Stephan Dupuis The Fly
0%
No matching quizzes found
Score Distribution
Percent of People with Each Score
Percentile by Number Answered
Your Score History
You have not taken this quiz since the last reset